Top 15 Friendliest Countries 2023 - Statistics

General Stats
  • This quiz has been taken 58 times
  • The average score is 6 of 15
Answer Stats
Hint Answer % Correct
10th Canada
93%
14th Brazil
61%
1st Portugal
61%
3rd Mexico
55%
8th Columbia
45%
12th Peru
45%
13th Ecuador
41%
6th Costa Rica
39%
2nd Taiwan
34%
11th Philippines
32%
9th Vietnam
32%
4th Cambodia
23%
5th Bahrain
11%
7th Oman
11%
15th Uganda
0%
No matching quizzes found
Score Distribution
Percent of People with Each Score
Percentile by Number Answered
Your Score History
You have not taken this quiz